000 00665nam a2200241Ia 4500
003 OSt
005 20221007082202.0
006 a|||||r|||| 00| 0
007 ta
008 221006b |||||||| |||| 00| 0 eng d
024 _a26,017
037 _cReports / Technical Reports
040 _aFLL
_cFLL
_beng
041 _2eng
_aeng
082 _aX7243:32:Z2, H0
100 _aDalal R. K.
_9698873
245 0 _aIndian excess profits tax simplified
260 _c1940
300 _a32p
_ccm.
700 _a Dalal R. P.
_9698874
942 _hX7243:32:Z2, H0
_cREP
_2CC
999 _c1165588
_d1165588